[Event "Stuttgart-chC int"]
[Site "Ditzingen"]
[Date "2013.05.11"]
[Round "6"]
[White "Grimm, Ferdinand"]
[Black "Lehmann, Felix"]
[Result "1/2-1/2"]
[WhiteElo "842"]
[BlackElo "775"]
[PlyCount "72"]
[EventDate "2013.05.09"]
[EventType "swiss"]
[EventRounds "7"]
[EventCountry "GER"]
[SourceTitle "EXT 2014"]
[Source "ChessBase"]
[SourceDate "2013.11.20"]
[SourceVersion "1"]
[SourceVersionDate "2013.11.20"]
[SourceQuality "1"]

1. d4 d5 2. c4 Nf6 3. Nf3 e6 4. Nc3 Bd6 5. cxd5 Nxd5 6. Bd2 Nc6 7. e3 e5 8. Bc4 Nxc3 9. Bxc3 Bb4 10. Bb5 Bxc3+ 11. bxc3 exd4 12. Nxd4 Bd7 13. Nxc6 Bxc6 14. Bxc6+ bxc6 15. Qf3 Qd5 16. Qg4 0-0 17. 0-0 Qc5 18. Rfc1 Rfe8 19. Qd7 Qd6 20. Qxd6 cxd6 21. Rd1 d5 22. Rd4 Re4 23. Re1 Rxd4 24. exd4 g6 25. Re7 Rb8 26. h3 a6 27. Rc7 Rb6 28. Ra7 Rb1+ 29. Kh2 Rc1 30. a4 Rxc3 31. Rxa6 c5 32. dxc5 Rxc5 33. Rd6 Ra5 34. Kg3 Kf8 35. Kf4 Rxa4+ 36. Ke5 Ra2 1/2-1/2

[Event "Stuttgart-chC int"]
[Site "Ditzingen"]
[Date "2013.05.10"]
[Round "4"]
[White "Grimm, Ferdinand"]
[Black "Milarch, Harald"]
[Result "0-1"]
[WhiteElo "842"]
[BlackElo "1326"]
[PlyCount "48"]
[EventDate "2013.05.09"]
[EventType "swiss"]
[EventRounds "7"]
[EventCountry "GER"]
[SourceTitle "EXT 2014"]
[Source "ChessBase"]
[SourceDate "2013.11.20"]
[SourceVersion "1"]
[SourceVersionDate "2013.11.20"]
[SourceQuality "1"]

1. d4 d5 2. c4 c6 3. Nf3 Nf6 4. Nc3 Bf5 5. Bg5 Nbd7 6. cxd5 Nxd5 7. Nxd5 cxd5 8. e3 Qa5+ 9. Qd2 Qxd2+ 10. Nxd2 Rc8 11. Bb5 a6 12. Bxd7+ Bxd7 13. 0-0 Rc2 14. Nf3 Rxb2 15. Rfc1 Bc6 16. Bf4 e6 17. Ne5 Rb6 18. Rab1 Rxb1 19. Rxb1 Bd6 20. Nxc6 Bxf4 21. Rxb7 Bd6 22. Ra7 0-0 23. Rxa6 Rc8 24. Na7 Rc1# 0-1